Kardashians Ultimate Trivia - Statistics

General Stats
  • This quiz has been taken 611 times
  • The average score is 6 of 15
Answer Stats
Hint Answer % Correct
After the transition, Bruce decided to go by what name? Caitlyn
76%
What is the name of the store they own? Dash
72%
What is the name of Kim's daughter? North West
72%
Who has Rob recently got engaged to? Blac Chyna
68%
Who was involved in Kim's sex tape? Ray J
60%
How many kids do Kris and Bruce have combined? 10
56%
Where do the Kardashians reside? Calabasas
49%
What is Kendall's middle name? Nicole
47%
Who's voice does Scott often impersonate? Todd Kraines
26%
What is the name of Robs ex girlfriend? Adrienne Bailon
17%
What was the name of the children's boutique Kris and Kourtney owned? Smooch
16%
What is the name of Kourtneys youngest child? Reign Aston Disick
8%
What is the spinoff to KUWTK based in the Hamptons? Kourtney and Kim take The Hamptons
6%
What is the name of Brandon and Leah's daughter Eva James Jenner
4%
What is the names of Scott's parents Bonnie and Jeff
3%
No matching quizzes found
Score Distribution
Percent of People with Each Score
Percentile by Number Answered
Your Score History
You have not taken this quiz